| 000 | 00791cam a22002533a 4500 | ||
|---|---|---|---|
| 001 | 30747 | ||
| 003 | PGUSA | ||
| 005 | 20140828083650.0 | ||
| 008 | 091223s2009||||xxu|||||s|||||000 | eng d | ||
| 040 |
_aPGUSA _beng |
||
| 042 | _adc | ||
| 050 | 4 | _aF206 | |
| 100 | 1 | _aMoore, Gay Montague | |
| 245 | 1 | 0 |
_aSeaport in Virginia : _bGeorge Washington's Alexandria _h[electronic resource] / _cGay Montague Moore |
| 260 |
_bProject Gutenberg, _c2009 |
||
| 506 | _aPublic domain in the USA. | ||
| 516 | _aElectronic text | ||
| 653 | _aAlexandria (Va.) -- Buildings, structures, etc. | ||
| 653 | _aAlexandria (Va.) -- History | ||
| 653 | _aHistoric buildings -- Virginia -- Alexandria | ||
| 830 | 0 |
_aProject Gutenberg _v30747 |
|
| 856 | 4 | 0 | _uhttp://www.gutenberg.org/ebooks/30747 |
| 942 | _cEB | ||
| 999 |
_c260002 _d260002 |
||